What motivates paternalism: An experimental study (Record no. 518025)

000 -LEADER
fixed length control field 01289nam a22001577a 4500
008 - FIXED-LENGTH DATA ELEMENTS--GENERAL INFORMATION
fixed length control field 210810b ||||| |||| 00| 0 eng d
100 ## - MAIN ENTRY--PERSONAL NAME
Personal name Ambuehl, S., Bernheim, B.D. and Ockenfels, A.
245 ## - TITLE STATEMENT
Title What motivates paternalism: An experimental study
260 ## - PUBLICATION, DISTRIBUTION, ETC. (IMPRINT)
Place of publication, distribution, etc The American Economic Review
300 ## - PHYSICAL DESCRIPTION
Extent 3(3), Mar, 2021: p.787-830
520 ## - SUMMARY, ETC.
Summary, etc We study experimentally when, why, and how people intervene in others' choices. Choice Architects (CAs) construct opportunity sets containing bundles of time-indexed payments for Choosers. CAs frequently prevent impatient choices despite opportunities to provide advice, believing Choosers benefit. They violate common behavioral welfare criteria by removing impatient options even when all pay-offs are delayed. CAs intervene not by removing options they wish they could resist when choosing for themselves (mistakes-projective paternalism), but rather as if they seek to align others' choices with their own aspirations (ideals-projective paternalism). Laboratory choices predict subjects' support for actual paternalistic policies. – Reproduced
650 ## - SUBJECT ADDED ENTRY--TOPICAL TERM
Topical term or geographic name as entry element Paternalism, Choice Architects (CAs), Ideals-projective paternalism,
9 (RLIN) 28416
773 ## - HOST ITEM ENTRY
Main entry heading The American Economic Review
906 ## - LOCAL DATA ELEMENT F, LDF (RLIN)
Subject DIP PATERNALISM
942 ## - ADDED ENTRY ELEMENTS (KOHA)
Item type Articles
Holdings
Withdrawn status Lost status Source of classification or shelving scheme Damaged status Not for loan Permanent location Current location Date acquired Serial Enumeration / chronology Barcode Date last seen Koha item type
          Indian Institute of Public Administration Indian Institute of Public Administration 2021-08-10 3(3), Mar, 2021: p.787-830 AR125230 2021-08-10 Articles

Powered by Koha